| 000 -CABECERA |
| Campo de control de longitud fija |
00606nam a22001817a 4500 |
| 005 - FECHA Y HORA DE LA ÚLTIMA TRANSACCIÓN |
| Campo de control |
20211111112537.0 |
| 008 - CAMPO FIJO DE DESCRIPCIÓN FIJA--INFORMACIÓN GENERAL |
| Campo de control de longitud fija |
211111b ||||| |||| 00| 0 eng d |
| 020 ## - ISBN (INTERNATIONAL STANDARD BOOK NUMBER) |
| ISBN |
9788416372997 |
| 040 ## - FUENTE DE CATALOGACIÓN |
| Agencia de catalogación original |
CDMR |
| 100 ## - ENCABEZAMIENTO PRINCIPAL--NOMBRE PERSONAL |
| 9 (RLIN) |
4691 |
| Nombre de persona |
Vila-Sanjuán, Sergio |
| 245 ## - MENCIÓN DE TÍTULO |
| Título |
Barcelona, la ciudad de los libros / |
| Mención de responsabilidad, etc. |
Sergio Vila-Sanjuán |
| 260 ## - PUBLICACIÓN, DISTRIBUCIÓN, ETC (PIE DE IMPRENTA) |
| Lugar de publicación, distribución, etc. |
Barcelona: |
| Nombre del editor, distribuidor, etc. |
La Vanguardia Ediciones, |
| Fecha de publicación, distribución, etc. |
2021 |
| 300 ## - DESCRIPCIÓN FÍSICA |
| Extensión |
83 pàgines : |
| Otros detalles físicos |
fotografies en blanc i negre ; |
| Dimensiones |
17 cm |
| 490 ## - MENCIÓN DE SERIE |
| Mención de serie |
Libros de Vanguardia |
| 650 #0 - ASIENTO SECUNDARIO DE MATERIA--TÉRMINO DE MATERIA |
| 9 (RLIN) |
3298 |
| Nombre de materia o nombre geográfico como elemento de entrada |
Barcelona (Catalunya) |
| Subdivisión general |
Política cultural |
| 650 #0 - ASIENTO SECUNDARIO DE MATERIA--TÉRMINO DE MATERIA |
| 9 (RLIN) |
3457 |
| Nombre de materia o nombre geográfico como elemento de entrada |
Editors |
| Subdivisión geográfica |
Barcelona |
| 942 ## - ELEMENTOS KOHA |
| Fuente de clasificación o esquema de ordenación en estanterías |
|
| Koha tipo de item |
Monografies |